Statistics for Pokémon Anime Seasons

Click here to take the quiz!

General Stats

  • This quiz has been taken 59 times
  • The average score is 16 of 25

Answer Stats

SeasonGenerationAirtimeAnswer% Correct
63November 21, 2002-August 28, 2003Pokémon: Advanced
83%
145September 23, 2010-September 15, 2011Pokémon: Black & White
81%
11April 1, 1997-January 21, 1999Pokémon: Indigo League
81%
238November 17, 2019-December 4, 2020Pokémon: Journeys
81%
207November 17, 2016-September 21, 2017Pokémon: Sun & Moon
81%
104September 28, 2006-October 25, 2007Pokémon: Diamond And Pearl
78%
176October 17, 2013-October 30, 2014Pokémon: XY
75%
32October 14, 1999-July 27, 2000Pokémon: The Johto Journeys
72%
196October 29, 2015-October 27, 2016Pokémon: XYZ
72%
93October 6, 2005-September 14, 2006Pokémon: Battle Frontier
67%
83September 9, 2004-September 29, 2005Pokémon: Advanced Battle
64%
114November 8, 2007-December 4, 2008Pokémon: Diamond And Pearl: Battle Dimension
64%
52August 9, 2001-November 14, 2002Pokémon: Master Quest
64%
134January 7, 2010-September 9, 2010Pokémon Diamond And Pearl: Sinnoh League Victors
61%
248December 11, 2020-December 10, 2021Pokémon: Master Journeys
61%
165October 11, 2012-September 26, 2013Pokémon: Black & White: Adventures In Unova (And Beyond)
58%
155September 22, 2011-October 4, 2012Pokémon: Black & White: Rival Destinies
58%
124December 4, 2008-December 24, 2009Pokémon: Diamond And Pearl: Galactic Battles
58%
186November 13, 2014-October 22, 2015Pokémon: XY: Kalos Quest
58%
258December 17, 2021-March 24, 2023Pokémon: Ultimate Journeys
56%
73September 4, 2003-September 2, 2004Pokémon: Advanced Challenge
53%
21January 28, 1999-October 7, 1999Pokémon: Adventures In The Orange Islands
53%
42August 3, 2000-August 2, 2001Pokémon: Johto League Champions
53%
217October 5, 2017-October 14, 2018Pokémon: Sun & Moon: Ultra Adventures
53%
227October 21, 2018-November 3, 2019Pokémon: Sun & Moon: Ultra Legends
47%

Score Distribution

Percentile by Number Answered

Percent of People with Each Score

Your Score History

You have not taken this quiz